| 000 | 005600000a22001690004500 | ||
|---|---|---|---|
| 090 |
_aAR _b01644 |
||
| 245 | 1 | 0 | _aInvestigación en biología de la conservación en Colombia: diagnóstico y retos para el futuro |
| 650 | 1 | 4 |
_aBiología de la conservación _93740 |
| 650 | 1 | 4 |
_aBiodiversidad _992204 |
| 650 | 1 | 4 |
_aPlanes de desarrollo _992720 |
| 651 | 4 |
_pColombia _992749 |
|
| 041 | 0 | _aEspañol | |
| 700 | 1 |
_aMurcia, Carolina _94211 |
|
| 100 | 1 |
_aKattan, Gustavo H. _94374 |
|
| 942 | _cARTICULO | ||
| 773 | 1 |
_tColombia Ciencia y Tecnología _3570 _h4 _q1-12 _d1998 _g16 |
|
| 999 |
_c10724 _d10724 |
||